| 000 | 00546nam a2200193Ia 4500 | ||
|---|---|---|---|
| 001 | 7550 | ||
| 003 | GE_BSU | ||
| 008 | 181216s||||||||xx |||||||||||||| ||und|| | ||
| 040 | _cGE_BSU | ||
| 245 | _aВопросы философии, №6.2013. | ||
| 245 | _cгл.ред.Пружинин Борис Исаевич и др. | ||
| 260 | _aМосква. | ||
| 260 | _bНАУКА. | ||
| 260 | _c2013. | ||
| 300 | _a192ст;24см. | ||
| 653 | _aВопросы философии, №6.2013. | ||
| 653 | _aპერიოდიკა | ||
| 942 | _cCR | ||
| 999 |
_c40906 _d40906 |
||